Category Elimination - Movies #5 - Statistics

General Stats
  • This quiz has been taken 187 times
    174 since last reset
  • The average score is 12 of 20
Answer Stats
Group # Hint Answer % Correct
Orange 37 Marvel Cinematic Universe film
94%
Orange 19 ... where the title is 4 words or longer
90%
Orange 9 ... that is part of the infinity saga
86%
Pink 13 Directed by Christopher Nolan
74%
Pink 10 ... where he was a producer
73%
Green 36 2000s Best Actress Oscar Nominees
72%
Orange 4 ... has an original avengers' name in the title
67%
Purple 22 Studio Ghibli movie
64%
Pink 7 ... with less than $1 billion at the box office worldwide
64%
Purple 13 ... written by Hayao Miyazaki
62%
Purple 9 ... with a runtime over 100 minutes
62%
Green 24 ... that has been nominated more than once for the award
60%
Purple 4 ... nominated for Critics Choice Best Animation
59%
Pink 3 ... where Hans Zimmer was the solo composer
56%
Orange 1 ... and introduces Hydra Captain America: The First Avenger
47%
Pink 1 ... and is set in World War II Dunkirk
40%
Green 10 ... who is not american
33%
Purple 1 ... and features the fire demon, Calcifer Howl's Moving Castle
32%
Green 6 ... has won the award at any point
25%
Green 1 ... and starred in the Titanic Kate Winslet
21%
No matching quizzes found
Score Distribution
Percent of People with Each Score
Percentile by Number Answered
Your Score History
You have not taken this quiz since the last reset